ბათუმის შოთა რუსთაველის სახელმწიფო უნივერსიტეტის ბიბლიოთეკა

ქართული ენის სახელური ფუძეების ლექსიკონი : (ბიბ.ჩანაწერი № 55191)

000 -ლიდერი
ფიქსირებული სიგრძის საკონტროლო ველი 01684nam a2200289Ia 4500
001 - საკონტროლო ნომერი
საკონტროლო ველი 22266
003 - საკონტროლო ნომრის იდენტიფიკატორი
საკონტროლო ველი GE_BSU
005 - ბოლო ოპერაციის თარიღი და დრო
საკონტროლო ველი 20230216154822.0
008 - ფიქსირებული სიგრძის მონაცემთა ელემენტები - ზოგადი ინფორმაცია
ფიქსირებული სიგრძის საკონტროლო ველი 181216s ||||ge |||||||||||||| ||geo||
020 ## - წიგნის საერთაშორისო სტანდარტული ნომერი
International Standard Book Number 978-9941-13-326-8
040 ## - კატალოგიზაციის წყარო
Transcribing agency GE_BSU
041 ## - ენის კოდი
Language code of text/sound track or separate title geo
080 ## - უნივერსალური ათობითი კლასიფიკაციის ინდექსი
Universal Decimal Classification number 81'374(038)=353.1 ჯ-71
100 ## - მთავარი ჩანაწერი - პიროვნების სახელი
Personal name ჯორბენაძე, ბ.
9 (RLIN) 7226
245 ## - ცნობა სათაურის შესახებ
Title ქართული ენის სახელური ფუძეების ლექსიკონი :
Remainder of title მასალები ქართული ენის სისტემური კურსისათვის /
Statement of responsibility, etc მ. კიკონიშვილი, ნ. ლოლაძე, ბ. ჯორბენაძე ; მთ. რედ. გიორგი გოგოლაშვილი.
264 ## - წარმოების, გამოცემის, დისტრიბუციის და სხვა ცნობები
გამოცემის, წარმოების, დისტრიბუციის... ადგილი თბილისი :
გამოცემის, წარმოების, დისტრიბუციის... სახელწოდება თბილ. უნ-ტის გამ-ბა,
გამოცემის, წარმოების, დისტრიბუციის... თარიღი 2014.
300 ## - ფიზიკური აღწერა
Extent 868 გვ. ;
Dimensions 25 სმ.
500 ## - ზოგადი შენიშვნა
General note საძიებელი გვ. : 767-864
504 ## - BIBLIOGRAPHY, ETC. NOTE
Bibliography, etc ბიბლიოგრ. გვ. : 865-867
653 ## - INDEX TERM--UNCONTROLLED
Uncontrolled term ქართული ენის სახელური ფუძეების ლექსიკონი
700 ## - ADDED ENTRY--PERSONAL NAME
Personal name ლოლაძე, ნ.
Relator term ავტორი
9 (RLIN) 16949
700 ## - ADDED ENTRY--PERSONAL NAME
Personal name კიკონიშვილი, მ.
Relator term ავტორი
9 (RLIN) 16950
700 ## - ADDED ENTRY--PERSONAL NAME
Personal name გოგოლაშვილი, გიორგი
Relator term რედაქტორი
9 (RLIN) 2128
710 ## - ADDED ENTRY--CORPORATE NAME
Corporate name or jurisdiction name as entry element თსუ
Subordinate unit არნოლდ ჩიქობავას სახელობის ენათმეცნათმეცნიერების ინსტიტუტიტი
9 (RLIN) 16951
942 ## - ADDED ENTRY ELEMENTS (KOHA)
Koha item type წიგნი
Source of classification or shelving scheme
ეგზემპლარები
ჩამოწერის სტატუსი დაკარგული ეგზემპლარის სტატუსი კლასიფიკაციის წყარო ან თაროზე გაწყობის სქემა დაზიანების სტატუსი არ გაიცემა მუდმივი მდებარეობა (დაცვის ადგილი) ამჟამინდელი ადგილსამყოფელი თაროზე განთავსების ადგილი შეძენის თარიღი ღირებულება, შესყიდვის ნორმალური ფასი სრული შენახვის შიფრი შტრიხკოდი ბოლო ოპერაციის თარიღი ეგზემპლარის მიმდევრობითი ნომერი (კეტერი?) ფასის ძალაში შესვლის თარიღი ეგზემპლარის სახეობა საჯარო შენიშვნა
          ბათუმის შოთა რუსთაველის სახელმწიფო უნივერსიტეტის მთავარი ბიბლიოთეკა ბათუმის შოთა რუსთაველის სახელმწიფო უნივერსიტეტის მთავარი ბიბლიოთეკა წიგნსაცავი 2018-12-17 45.00 81'374(038)=353.1 ჯ-71 57320 2018-12-17 57320 2018-12-17 წიგნი 45.00 ₾.